000
00253nam a2200097Ia 4500
008
230508s2012 xx 000 0 und d
041
_a
eng
100
_a
DR.KUMAR.D.S.
245
_a
MECHANICAL MEASUREMENTS & CONTROL
260
_b
METROPOLITAN BOOK CO
_c
2012
999
_c
340902
_d
340902